Projektový management komplexně, prakticky a podle světových standardů

Enregistré dans:
Détails bibliographiques
Auteur principal: Doležal, Jan
Format: Livre
Langue:tchèque
Publié: Praha GRADA Publishing 2016
Collection:Expert
Sujets:
Tags: Ajouter un tag
Pas de tags, Soyez le premier à ajouter un tag!

MARC

LEADER 00000nam a2200000 4500
001 0215117
005 20240314080054.5
020 |a 978-80-247-5620-2 
041 0 |a cze 
044 |a CZ 
245 1 0 |a Projektový management  |b komplexně, prakticky a podle světových standardů  |c Jan Doležal a kolektiv 
264 1 |a Praha  |b GRADA Publishing  |c 2016 
300 |a 418 s. 
490 1 |a Expert 
830 0 |a Expert 
610 2 0 |a projekty 
610 2 0 |a programy 
610 2 0 |a portfólio 
610 2 0 |a riadenie projektové 
610 2 0 |a štandardy medzinárodné 
610 2 0 |a metódy riadenia 
610 2 0 |a manažéri 
610 2 0 |a certifikácia 
610 2 0 |a zručnosti 
610 2 0 |a konflikty 
610 2 0 |a vyjednávanie 
100 1 |a Doležal, Jan